000 00694nam a2200289Ia 4500
005 20260324144033.0
008 008 260324s9999 xx 000 0 eng d
020 _a9781315804125
037 _aEBOOK
040 _aCRL
040 _beng
040 _cCRL
041 _2eng
041 _aeng
084 _qCRL
100 _aEllen Cole; Esther D Rothblum
_91204431
245 0 _aWomen and Sex Therapy
245 0 _bClosing the Circle of Sexual Knowledge
260 _bTaylor and Francis
260 _c1989
365 _a
365 _b170
856 _uhttp://www.taylorfrancis.com/books/9781315804125
942 _cEBOOK
999 _c1823972
_d1823972